| 000 | 00671cab a2200229 4500 | ||
|---|---|---|---|
| 001 | X816 | ||
| 008 | 090401t1993 xxu||||| |||| 00| 0 eng d | ||
| 035 | _a(Sirsi) u67583 | ||
| 041 | _aeng | ||
| 245 | _aChanging shape of business leases | ||
| 260 | _c1993 | ||
| 350 | _a0 | ||
| 490 |
_aCS Monthly : Rural Practice _v2(9) June 1993, 7(1) |
||
| 520 | _aReport of article printed in Farrer & Co`s Spring Newsletter. | ||
| 650 | _aCOMMERCIAL LEASES | ||
| 650 | _aDIVERSIFICATION | ||
| 650 | _aINSTITUTIONAL LEASES | ||
| 690 | _aLANDLORD AND TENANT-AGRICULTURAL TENANCIES | ||
| 690 | _aLANDLORD AND TENANT-BUSINESS TENANCIES | ||
| 942 | _n0 | ||
| 948 | _c04/03/1997 | ||
| 999 |
_c42291 _d42291 |
||